| 000 | 01122nam a22002655i 4500 | ||
|---|---|---|---|
| 001 | 165660 | ||
| 003 | ES-MaACL | ||
| 005 | 20230906213200.0 | ||
| 008 | 051006s1867 fr bcfb| |||||||| ||spa d | ||
| 040 |
_aCAM _bspa _cCAM |
||
| 080 | _a910.4(6-11)"18" | ||
| 100 | 1 |
_aSpeke, John Hanning. _9132863 |
|
| 245 | 1 | 4 |
_aLes sources du Nil _b: voyage des capitaines Speke & Grant / _cabrégé d'aprés la traduction de E.-D. Forgues par J. Belin-De Launay. |
| 260 |
_aParis : _bL. Hachette & C., _c1867 ( _eCoulommiers : _fTypographie de A. Moussin) |
||
| 300 |
_aXV, 324 p., [24] h. de ám., [3] h. de map. pleg. ; _c19 cm. |
||
| 490 | 1 | _aBibliothèque Rose illustrée | |
| 598 | _aDato de serie tomado de la cub. | ||
| 651 | 4 |
_aÁfrica oriental- _xDescubrimientos y exploraciones. _9144263 |
|
| 700 | 1 |
_aGrant, James Augustus. _9127534 |
|
| 700 | 0 |
_aBelin de Launay, Jules. _927165 |
|
| 700 | 1 |
_aForgues, Emile Durand. _9127113 |
|
| 830 | 0 |
_aBibliothèque Rose illustrée _9222479 |
|
| 852 |
_aES-MaACL _jC-3498 _z-- Enc. hol., conservando la cub. original _z-- Legado de Modesto de la Fuente |
||
| 999 |
_c165660 _d165660 |
||